Statistics for Indiana Pacers 2018-19 Roster

Click here to take the quiz!

General Stats

  • This quiz has been taken 58 times
  • The average score is 8 of 18

Answer Stats

NbrPostPlayer% Correct
4SGVictor Oladipo
97%
33PFMyles Turner
91%
11PFDomantas Sabonis
88%
2PGDarren Collison
76%
21PFThaddeus Young
70%
44SFBojan Bogdanovic
70%
3PGAaron Holiday
48%
-Head CoachNate McMillan
42%
12SGTyreke Evans
42%
6PGCory Joseph
42%
22PFTJ Leaf
39%
24PFAlize Johnson
30%
20SFDoug McDermott
27%
10CKyle O'Quinn
27%
5PGEdmond Summer
18%
13CIke Anigbogu
12%
26PFBen Moore
6%
23SGCJ Wilcox
3%

Score Distribution

Percentile by Number Answered

Percent of People with Each Score

Your Score History

You have not taken this quiz